000 00422nam a22001457a 4500
999 _c17948
_d17948
008 191007b xxu||||| |||| 00| 0 eng d
020 _a1498723909
050 _aHF5691 .H37 2016 c.1
100 _aHastings, Kevin J.
245 _aIntroduction to Financial Mathematics
_cKevin J. Hastings
260 _aLondon
_bCRC Press
_c2016
300 _axiii, 407p.
650 _aBusiness mathematics
_vtextbooks
942 _2lcc
_cBK